Rick Riordan Bücher - Statistiken

Allgemein
  • Dieses Quiz wurde 14 mal gespielt
  • Das Durchschnittsergebnis liegt bei 8 aus 27
Antwortstatistiken
Hint Antwort % Korrekt
Percy Jackson Diebe im Olymp
91%
Im Bann des Zyklopen
64%
Das Haus des Hades
55%
Die letzte Göttin
55%
Das Blut des Olymp
36%
Das Zeichen der Athene
36%
Der Kelch der Götter
36%
Der Sohn des Neptun
36%
Die Helden des Olymp Der verschwundene Halbgott
36%
Die Schlacht um das Labyrinth
36%
Magnus Chase Das Schwert des Sommers
27%
Der Hammer des Thor
27%
Der Schatten der Schlange
27%
Percy Jackson erzählt griechische Göttersagen
27%
griechische Heldensagen
27%
Das Schiff der Toten
18%
Der Feuerthron
18%
Der Fluch des Titanen
18%
Der Turm des Nero
18%
Der Zorn der dreifachen Göttin
18%
Kane Chroniken Die rote Pyramide
18%
Crossover Percy Jackson auf Monsterjagd mit den Geschwistern Kane
18%
Das brennende Labyrinth
9%
Die Abenteuer des Apollo Das verborgene Orakel
9%
Die dunkle Prophezeihung
9%
Nico & Will Reise ins Dunkel
9%
Die Gruft des Tyrannen
0%
Keine übereinstimmenden Quizze gefunden
Verteilung der Resultate
Anzahl Personen mit jedem Resultat
Perzentil nach korrekt beantworteten Fragen
Ihre Resultats-Entwicklung
Sie haben dieses Quiz noch nicht gespielt